• 首页
  • 本馆介绍
  • 公告通知
  • 最新文献
  • 馆藏检索
  • 电子资源
  • 读者导购
  • 参考咨询
  • 我的图书馆
  • 登录
  • 详细信息显示
  • 放入我的书架
  • 预约/预借图书
  • 作者相关作品
  • 分类相关作品
  • 丛书相关作品
  • 出版社相关作品

书目信息

  • 表格格式
  • 工作单格式
  • 卡片格式
题名:
画坛巨匠
    
 
作者: 凡·高 绘 ;荆成义 编著
分册:   凡·高素描
出版信息: 沈阳   辽宁美术出版社  2012.08
页数: 175页
开本: 27×28cm
丛书名:
单 册:
中图分类: J234(563) , J231
科图分类:
主题词: 素描--作品集--荷兰--近代 , 素描
电子资源:
ISBN: 978-7-5314-5138-9
000 00971oam2 2200301 450
001 005667330
005 20140612094720.51
010    @a978-7-5314-5138-9@dCNY85.00
100    @a20121123d2012 em y0chiy50 ea
101 0  @achi
102    @aCN@b210000
105    @aa z 000yy
106    @ar
200 1  @a画坛巨匠@Ahua tan ju jiang@9fan · gao@dVincent@i凡·高素描@f荆成义编著@zeng
210    @a沈阳@c辽宁美术出版社@d2012.08
215    @a175页@d27×28cm
330    @a本书收录了风景、坐在房间里的老妇人、夜晚的咖啡屋、播种者《临米勒素描》、老人像等作品。
461  0 @12001 @a画坛巨匠
510 1  @aVincent@zeng
517 1  @a凡·高素描@Afan·gao su miao
606 0  @a素描@x作品集@y荷兰@z近代
606 0  @a素描
690    @aJ234(563)@v5
690    @aJ231@v4
701  0 @c(荷)@a凡·高@9fan · gao@c(Van Gogh, Vincent@f1853-1890)@4绘
702  0 @a荆成义@9jing cheng yi@f(1965-)@4编著
801  0 @aCN@bNLC@c20121123
905    @b549038-40@dJ231@e95:10@f3
    
    画坛巨匠=Vincent.凡·高素描/荆成义编著.-沈阳:辽宁美术出版社,2012.08
    175页;27×28cm
    
    
    ISBN 978-7-5314-5138-9:CNY85.00
    本书收录了风景、坐在房间里的老妇人、夜晚的咖啡屋、播种者《临米勒素描》、老人像等作品。
●
相关链接 在E读中查询图书 在五车中查询图书 在当当中查询图书 在豆瓣中查询图书


正题名:画坛巨匠     索取号:J231/95:10         预约/预借

序号 登录号 条形码 馆藏地/架位号 状态 备注
1 549038   205490388   第一样本阅览室/ [索取号:J231/95:10] 在馆    
2 549039   205490397   第一借阅区/ [索取号:J231/95:10] 在馆    
3 549040   205490404   第一借阅区/ [索取号:J231/95:10] 在馆    
唐山师范学院图书馆 欢迎您!
大连网信软件有限公司© 版权所有